El Trovador

Guardado en:
Bibliografiske detaljer
Hovedforfatter: García Gutiérrez, Antonio
Format: Bog
Sprog:Undetermined
Udgivet: Madrid, España Anaya 1970
Fag:
Tags: Tilføj Tag
Ingen Tags, Vær først til at tagge denne postø!

MARC

LEADER 00000nam a2200000Ia 4500
008 170316s9999 xx 000 0 und d
040 |a cru BVZT 
090 |a 862 G-11t 
100 |a García Gutiérrez, Antonio 
245 |a El Trovador 
260 |a Madrid, España 
260 |b Anaya 
260 |c 1970 
300 |a 107 páginas 
650 |a LITERATURA ESPAÑOLA 
999 |c 9863  |d 9863 
942 |c 15 D  |h 862 G-11t  |2 z